| 000 | 00389nam a2200169Ia 4500 | ||
|---|---|---|---|
| 005 | 20251020182609.0 | ||
| 008 | 200515s9999 xx 000 0 und d | ||
| 082 | _aSC/621.31/M61 | ||
| 110 | _aMinisterio de Educación | ||
| 245 | 0 | _aManual de electricidad II | |
| 260 | _aLima | ||
| 260 | _c1978 | ||
| 300 | _a138 | ||
| 650 | _aELECTRODOMESTICOS | ||
| 650 | _aMANUALES | ||
| 942 | _cLIB | ||
| 999 |
_c3275 _d3275 |
||